Una mitra sobre dos mundos (Record no. 100)

MARC details
000 -CABECERA
campo de control de longitud fija 00902nam a2200241 a 4500
001 - NÚMERO DE CONTROL
campo de control BRCA_115
005 - FECHA Y HORA DE LA ÚLTIMA TRANSACCIÓN
campo de control 20190320202902.0
008 - DATOS DE LONGITUD FIJA--INFORMACIÓN GENERAL
campo de control de longitud fija 931204s1992 mx-c---###---#000-0#spa-d
040 ## - FUENTE DE LA CATALOGACIÓN
Centro catalogador/agencia de origen NjPT
Centro/agencia transcriptor NjPT
Centro/agencia modificador DLC
041 ## - CÓDIGO DE LENGUA
Código de lengua del texto/banda sonora o título independiente spa
044 ## - CÓDIGO DEL PAÍS DE LA ENTIDAD EDITORA/PRODUCTORA
Código MARC del país mx
050 #4 - SIGNATURA TOPOGRÁFICA DE LA BIBLIOTECA DEL CONGRESO
Número de clasificación BX4705.P3
Número de documento/Ítem .M57 1992
100 1# - ENTRADA PRINCIPAL--NOMBRE DE PERSONA
Nombre de persona Arteaga y Falguera, Cristina de la Cruz de
9 (RLIN) 448
245 10 - MENCIÓN DE TÍTULO
Título Una mitra sobre dos mundos
Resto del título la de don Juan de Palafox y Mendoza, Obispo de Puebla de los Angeles y de Osma
Mención de responsabilidad, etc. Cristina de la Cruz de Arteaga y Falguera.
260 ## - PUBLICACIÓN, DISTRIBUCIÓN, ETC.
Lugar de publicación, distribución, etc. Puebla
Nombre del editor, distribuidor, etc. Gobierno del Estado de Puebla, Comisión Puebla V Centenario
Fecha de publicación, distribución, etc. [1992]
300 ## - DESCRIPCIÓN FÍSICA
Extensión viii, 640 p.
Otras características físicas il.
Dimensiones 23 cm.
504 ## - NOTA DE BIBLIOGRAFÍA, ETC.
Nota de bibliografía, etc. Bibliografía: p. 625-640
600 14 - PUNTO DE ACCESO ADICIONAL DE MATERIA--NOMBRE DE PERSONA
Nombre de persona Palafox y Mendoza, Juan de
Fechas asociadas al nombre 1600-1659
9 (RLIN) 449
610 24 - PUNTO DE ACCESO ADICIONAL DE MATERIA--NOMBRE DE ENTIDAD CORPORATIVA
Nombre de entidad corporativa o nombre de jurisdicción como elemento de entrada Jesuitas
Subdivisión de forma Biografías
Subdivisión geográfica México
9 (RLIN) 450
610 24 - PUNTO DE ACCESO ADICIONAL DE MATERIA--NOMBRE DE ENTIDAD CORPORATIVA
Nombre de entidad corporativa o nombre de jurisdicción como elemento de entrada Iglesia católica
Subdivisión general Obispos
9 (RLIN) 451
651 #4 - PUNTO DE ACCESO ADICIONAL DE MATERIA--NOMBRE GEOGRÁFICO
Nombre geográfico México
Subdivisión general Iglesia
Subdivisión cronológica Siglo XVII
9 (RLIN) 452
942 ## - ELEMENTOS DE PUNTO DE ACCESO ADICIONAL (KOHA)
Fuente del sistema de clasificación o colocación Library of Congress Classification
Tipo de ítem Koha Libros
Holdings
Estado de retiro Estado de pérdida Estado dañado No para préstamo Localización permanente Ubicación/localización actual Fecha de adquisición Total de préstamos Signatura topográfica completa Código de barras Fecha visto por última vez Precio válido a partir de Tipo de ítem Koha
El ejemplar forma parte de la colección y puede ser consultado según las políticas vigentes.       Biblioteca del Museo Franz Mayer (Rogerio Casas-Alatriste) Biblioteca del Museo Franz Mayer (Rogerio Casas-Alatriste) 25/06/2008   BX4705.P3 .M57 1992 00109 22/03/2019 22/03/2019 Libros